000 00762nam a2200193 i 4500
001 159264
003 ES-MaACL
005 20250520160804.0
008 011023s1881 sp |||| | spa d
040 _aCCPB | B
_bspa
_cCCPB | B
100 1 _aMedina, Tristán.
_9129791
245 1 0 _aMozart
_b: ensayando su réquiem /
_cpor Tristán Medina.
260 _aMadrid :
_b[s.n.],
_c1881 (
_fImprenta de Fortanet)
300 _a162 p. ;
_c16 cm.
596 _aFecha de la cub. 1882.
600 1 7 _aMozart, Wolfgang Amadeus,
_d1756-1791
_2embne
_9240565
852 _aES-MaACL
_jT-403-F-9
_z-- Enc. hol.
_z-- Dedicatoria ms. del autor a los socios del Ateneo de Madrid
_q-- Falto de la cub. original
_z-- Enc. en un vol. facticio
999 _c159264
_d159264